Online Grocery Store (Samaan) Business Plan For Elixir Technologies/ (Record no. 607724)

000 -LEADER
fixed length control field 00533nam a22001697a 4500
003 - CONTROL NUMBER IDENTIFIER
control field NUST
038 ## - RECORD CONTENT LICENSOR
Staff Name Nusrat Nadeem
082 ## - DEWEY DECIMAL CLASSIFICATION NUMBER
Classification number 658.3
100 ## - MAIN ENTRY--PERSONAL NAME
Personal name Haq, Izhar ul
245 ## - TITLE STATEMENT
Title Online Grocery Store (Samaan) Business Plan For Elixir Technologies/
Statement of responsibility, etc. Izhar ul Haq,
264 ## - PRODUCTION, PUBLICATION, DISTRIBUTION, MANUFACTURE, AND COPYRIGHT NOTICE
Place of production, publication, distribution, manufacture Islamabad,
Name of producer, publisher, distributor, manufacturer NBS NUST,
Date of production, publication, distribution, manufacture, or copyright notice 2023.
300 ## - PHYSICAL DESCRIPTION
Extent ill:
Other physical details 52,p:
Dimensions 30,cm.
650 ## - SUBJECT ADDED ENTRY--TOPICAL TERM
Topical term or geographic name entry element Executive MBA
700 ## - ADDED ENTRY--PERSONAL NAME
Personal name Supervisor: Dr. Muhammad Shariq
856 ## - ELECTRONIC LOCATION AND ACCESS
Uniform Resource Identifier <a href="http://10.250.8.41:8080/xmlui/handle/123456789/40891">http://10.250.8.41:8080/xmlui/handle/123456789/40891</a>
942 ## - ADDED ENTRY ELEMENTS (KOHA)
Source of classification or shelving scheme
Koha item type Soft Copy

No items available.

© 2023 Central Library, National University of Sciences and Technology. All Rights Reserved.